Statistics for Top 10 Wingers of all time

Click here to take the quiz!

General Stats

  • This quiz has been taken 10 times
  • The average score is 4 of 10

Answer Stats

HintAnswer% Correct
1.Lionel Messi
90%
7.Kylian Mbappe
60%
3.Neymar Jr
50%
2.Ronaldinho
50%
5.Garrincha
40%
8.Angel Di Maria
30%
6.Gareth Bale
30%
4.Mohamed Salah
30%
9.Eden Hazard
20%
10.Sadio Mane
20%

Score Distribution

Percentile by Number Answered

Percent of People with Each Score

Your Score History

You have not taken this quiz